| 000 | 02276nam a2200313 4500 | ||
|---|---|---|---|
| 001 | 227 | ||
| 003 | OSt | ||
| 005 | 20250528074015.0 | ||
| 008 | 250204b |||||||g |||| 00| 1 eng d | ||
| 020 | _a9788599296141 | ||
| 040 | _bpor | ||
| 041 |
_heng _apor |
||
| 082 |
_a813 _bE26g |
||
| 100 | 1 |
_aEdwards, Kim, _d1958- _9419 |
|
| 240 | _aThe memory keeper´s daughter | ||
| 245 |
_aO guardião de memórias / _cEdwards, Kim ; Tradução de Vera Ribeiro |
||
| 260 |
_aRio de Janeiro _bSextante _c2007 |
||
| 300 | _a361 p. | ||
| 520 | _aCom mais de três milhões de exemplares vendidos nos Estados Unidos, O Guardião de Memórias é uma fascinante história sobre vidas paralelas, famílias separadas pelo destino, segredos do passado e o infinito poder do amor verdadeiro. Inverno de 1964. Uma violenta tempestade de neve obriga o Dr. David Henry a fazer o parto de seus filhos gêmeos. O menino, primeiro a nascer, é perfeitamente saudável, mas o médico logo reconhece na menina sinais da síndrome de Down. Guiado por um impulso irrefreável e por dolorosas lembranças do passado, Dr. Henry toma uma decisão que mudará para sempre a vida de todos e o assombrará até a morte: ele pede que sua enfermeira, Caroline, entregue a criança para adoção e diz à esposa que a menina não sobreviveu. Tocada pela fragilidade do bebê, Caroline decide sair da cidade e criar Phoebe como sua própria filha. E Norah, a mãe, jamais consegue se recuperar do imenso vazio causado pela ausência da menina. A partir daí, uma intrincada trama de segredos, mentiras e traições se desenrola, abrindo feridas que nem o tempo será capaz de curar. A força deste livro não está apenas em sua construção bem amarrada ou no realismo de seus personagens, mas, principalmente, na sua capacidade de envolver o leitor da primeira à última página. Com uma trama tensa e cheia de surpresas, O Guardião de Memórias vai emocionar e mostrar o profundo - e às vezes irreversível - poder de nossas escolhas. | ||
| 650 | 0 |
_aLiteratura Americana _984 |
|
| 650 | 0 |
_aDrama _918 |
|
| 650 | 0 |
_aPCD _9420 |
|
| 650 | 0 |
_aSuperação _927 |
|
| 650 | 0 |
_aFamilia _935 |
|
| 655 | 0 |
_aRomance _923 |
|
| 655 | 0 |
_aFicção _922 |
|
| 700 |
_aVera Ribeiro _eTradutor _9421 |
||
| 942 |
_2ddc _n0 _cBK |
||
| 999 |
_c227 _d227 |
||